000 00723nam a2200265 i 4500
001 C2-0121215
003 PPAK
005 20180727113000.0
008 970817s1996 my |||| ||||| | may d
020 _a9838431737
040 _aPPAK
_beng
_cPPAK
_erda
082 0 4 _a899.233
_223
090 0 0 _a899.233
_bRAM
_dK
100 0 _aRamlan Bin Salim,
_eauthor
245 1 0 _aKejadian ngeri di Pulau Rima
264 1 _aKuala Lumpur :
_bSyarikat Makmur ,
_c1996
300 _a40 pages ;
_c21 cm
336 _2rdacontent
_atext
337 _2rdamedia
_aunmediated
338 _2rdacarrier
_avolume
490 1 _aSiri misteri hana 2
650 1 0 _aChildren's stories, Malay
830 0 _aSiri misteri hana 2
942 _ddc
_cB
999 _c34293
_d34293